000 00377nam a2200133Ia 4500
005 20260328101525.0
008 260328s9999||||xx |||||||||||||| ||und||
100 _aGold Levi, Vicki
245 0 _aCuba style :
_b Graphic from the golden age of Design /
_cVicki Gold Levi
260 _bPrinceton Architectural Press
300 _a168 p.
650 _aDISEÑO GRÁFICO
942 _cBK
999 _c9761
_d9761